| 000 | 005640000a22002050004500 | ||
|---|---|---|---|
| 001 | 9767 | ||
| 003 | CO-MdFUSB | ||
| 005 | 20180622165825.0 | ||
| 008 | 160825b xxu||||| |||| 00| 0 eng d | ||
| 040 | _cCO-MdFUSB | ||
| 041 | 0 | _aSPA | |
| 082 | 0 | 4 | _aG 261 W443p |
| 100 | 1 | _aWeld, Wayne | |
| 245 | 1 | 0 |
_aPrincipios del crecimiento de la iglesia _c / Wayne Weld, Donald A. McGavran |
| 264 |
_aChicago, ILL., USA : _bMoody, _c1971 |
||
| 942 | _cBK | ||
| 999 |
_c39621 _d39621 |
||
| 336 |
_atexto _btxt _2rdacontent |
||
| 337 |
_2rdamedia _asin mediación _bn |
||
| 338 |
_2rdacarrier _avolumen _bnc |
||